| 000 | 00754nam a2200253Ia 4500 | ||
|---|---|---|---|
| 003 | OSt | ||
| 005 | 20220918221635.0 | ||
| 006 | a|||||r|||| 00| 0 | ||
| 007 | ta | ||
| 008 | 220917b |||||||| |||| 00| 0 eng d | ||
| 024 | _a202,301 | ||
| 037 | _cTextual | ||
| 040 |
_aARTS _cARTS _beng |
||
| 041 |
_2eng _aeng |
||
| 082 | _aS:17:4y7, P1 | ||
| 100 |
_aPaniagua Freddy A _9141038 |
||
| 245 | 0 |
_aDiagnosis in a multicultural context _b a casebook for mental health professionals |
|
| 260 |
_aLondon _bSage Publications _c2001 |
||
| 300 |
_axviii, 252p _ccm. |
||
| 490 | _aMulticultural aspects of counseling series 15 | ||
| 650 | _aPSYCHOLOGY | ||
| 942 |
_hS:17:4y7, P1 _cTEXL _2CC |
||
| 999 |
_c273194 _d273194 |
||